[Event "Titled Tuesday intern op 16th Jan Late"]
[Site "Chess.com INT"]
[Date "2024.01.16"]
[Round "5"]
[White "Akhayan, Ruben"]
[Black "Gardezi, Arsal"]
[Result "0-1"]
[WhiteElo "2249"]
[BlackElo "2080"]
[PlyCount "152"]
[EventDate "2024.01.16"]
[EventType "swiss (blitz)"]
[EventRounds "11"]
[EventCountry "USA"]
[SourceTitle "CB04_2024"]
[SourceDate "2023.10.16"]
[SourceVersion "1"]
[SourceVersionDate "2023.10.16"]
[SourceQuality "1"]

1. e4 d6 2. d4 g6 3. Nc3 Bg7 4. Be3 Nd7 5. Qd2 e5 6. 0-0-0 Ngf6 7. Kb1 c6 8. f3 a6 9. g4 b5 10. h4 h5 11. g5 Ng8 12. dxe5 dxe5 13. Bh3 Ne7 14. Nge2 Rb8 15. Qd6 Rb7 16. f4 Qc7 17. Qd2 0-0 18. f5 gxf5 19. exf5 f6 20. gxf6 Nxf6 21. Rhg1 Bxf5 22. Bh6 Ng4 23. Qg5 Ng6 24. Qxh5 Nxh6 25. Bxf5 Nxf5 26. Qxg6 Qf7 27. Qg5 Qf6 28. Ne4 Qxg5 29. Rxg5 Nxh4 30. b4 Nf3 31. Rg3 Nd4 32. Nxd4 exd4 33. Rdg1 Rbf7 34. Nd2 Re8 35. a3 Kf8 36. R3g2 Bh6 37. Nb3 Be3 38. Rh1 Ke7 39. Nc5 Ref8 40. Ka2 Rf2 41. Rxf2 Rxf2 42. Kb3 Rf3 43. Nd3 Rf7 44. Rh5 Rf6 45. Re5+ Kd6 46. Re8 Rf1 47. Nc5 Rb1+ 48. Ka2 Rc1 49. Kb2 Rd1 50. Rd8+ Kc7 51. Rd7+ Kc8 52. Rf7 Bd2 53. Ne4 Be1 54. Rh7 d3 55. cxd3 Rxd3 56. Nc5 Re3 57. Kc2 Rxa3 58. Nb3 Ra2+ 59. Kd3 Rb2 60. Na5 Rxb4 61. Nxc6 Rc4 62. Ne5 Ra4 63. Nc6 Bg3 64. Rg7 Bd6 65. Rf7 Bc7 66. Rg7 Rc4 67. Nd4 Be5 68. Rg8+ Kb7 69. Nf3 Rc3+ 70. Ke4 Bc7 71. Nd4 Rc4 72. Kd5 Rc1 73. Ne6 Rd1+ 74. Ke4 Re1+ 75. Kd5 Re5+ 76. Kd4 Rxe6 0-1

[Event "Titled Tuesday intern op 16th Jan Late"]
[Site "Chess.com INT"]
[Date "2024.01.16"]
[Round "11"]
[White "Korol, Dimitry"]
[Black "Gardezi, Arsal"]
[Result "0-1"]
[WhiteElo "2287"]
[BlackElo "2080"]
[PlyCount "86"]
[EventDate "2024.01.16"]
[EventType "swiss (blitz)"]
[EventRounds "11"]
[EventCountry "USA"]
[SourceTitle "CB04_2024"]
[SourceDate "2023.10.16"]
[SourceVersion "1"]
[SourceVersionDate "2023.10.16"]
[SourceQuality "1"]

1. d4 Nf6 2. c4 e6 3. Nc3 b6 4. Qc2 Bb7 5. e4 d5 6. cxd5 exd5 7. e5 Ne4 8. Bd3 Nc6 9. Nge2 Nb4 10. Qa4+ Bc6 11. Bb5 Bxb5 12. Qxb5+ c6 13. Qa4 Nd3+ 14. Kf1 Qd7 15. Nxe4 dxe4 16. Qc2 Rc8 17. f3 exf3 18. Qxd3 fxe2+ 19. Kxe2 Qg4+ 20. Kf2 Rd8 21. Be3 Bc5 22. Rad1 0-0 23. Rhf1 Bxd4 24. Bxd4 c5 25. Qf3 Rxd4 26. Qxg4 Rxg4 27. Rd7 Re4 28. Rfd1 Rxe5 29. Rxa7 Rfe8 30. Rdd7 Rf5+ 31. Kg3 g6 32. h3 Re3+ 33. Kh2 Re2 34. Kg3 Rff2 35. b3 Rxg2+ 36. Kf3 Rgf2+ 37. Kg3 Rxa2 38. Rab7 Rf5 39. Rxb6 Raf2 40. Rbb7 R5f3+ 41. Kg4 h5+ 42. Kg5 Kg7 43. Rbc7 Rg2+ 0-1

[Event "Titled Tuesday intern op 01st Aug Early"]
[Site "Chess.com INT"]
[Date "2023.08.01"]
[Round "8"]
[White "Gardezi, Arsal"]
[Black "Malek, Jan"]
[Result "0-1"]
[WhiteElo "2068"]
[BlackElo "2416"]
[PlyCount "44"]
[EventDate "2023.08.01"]
[EventType "swiss (blitz)"]
[EventRounds "11"]
[EventCountry "USA"]
[SourceTitle "EXT 2024"]
[Source "ChessBase"]
[SourceDate "2023.10.10"]
[SourceVersion "1"]
[SourceVersionDate "2023.10.10"]
[SourceQuality "1"]

1. e4 c6 2. Nf3 d5 3. exd5 cxd5 4. d4 Nc6 5. Bd3 Bg4 6. c3 e6 7. Nbd2 Bd6 8. Nf1 Nf6 9. Ng3 Qc7 10. 0-0 h5 11. Bg5 h4 12. Ne2 h3 13. Ng3 hxg2 14. Kxg2 Bh3+ 15. Kg1 Bxf1 16. Qxf1 Ng4 17. c4 Nxh2 18. Nxh2 Bxg3 19. fxg3 Qxg3+ 20. Qg2 Qxd3 21. cxd5 Qxd4+ 22. Kh1 Qxd5 0-1

[Event "Titled Tuesday intern op 25th Jul Early"]
[Site "Chess.com INT"]
[Date "2023.07.25"]
[Round "4"]
[White "Ai, Evan Zihao"]
[Black "Gardezi, Arsal"]
[Result "0-1"]
[WhiteElo "2159"]
[BlackElo "2099"]
[PlyCount "62"]
[EventDate "2023.07.25"]
[EventType "swiss (blitz)"]
[EventRounds "11"]
[EventCountry "USA"]
[SourceTitle "EXT 2024"]
[Source "ChessBase"]
[SourceDate "2023.10.10"]
[SourceVersion "1"]
[SourceVersionDate "2023.10.10"]
[SourceQuality "1"]

1. e4 e6 2. d4 d5 3. Nd2 Nc6 4. Ngf3 Nf6 5. e5 Nd7 6. c3 f6 7. exf6 Nxf6 8. Bb5 Bd6 9. Qe2 0-0 10. Bxc6 bxc6 11. Ne5 c5 12. Ndf3 cxd4 13. cxd4 c5 14. 0-0 cxd4 15. Nxd4 Ne4 16. f4 Qc7 17. Ndf3 Bc5+ 18. Be3 Qb6 19. Bxc5 Qxc5+ 20. Kh1 Rxf4 21. Nd3 Ba6 22. Nfe5 Rh4 23. Qf3 Qe7 24. g3 Rh6 25. Ng4 Rg6 26. Nde5 Rg5 27. Rfe1 h5 28. Rxe4 dxe4 29. Qxe4 Bb7 30. Nc6 Qd6 31. Nge5 Rxe5 0-1

[Event "Titled Tuesday intern op 25th Jul Early"]
[Site "Chess.com INT"]
[Date "2023.07.25"]
[Round "1"]
[White "Ambartsumova, Karina"]
[Black "Gardezi, Arsal"]
[Result "0-1"]
[WhiteElo "2393"]
[BlackElo "2099"]
[PlyCount "124"]
[EventDate "2023.07.25"]
[EventType "swiss (blitz)"]
[EventRounds "11"]
[EventCountry "USA"]
[SourceTitle "EXT 2024"]
[Source "ChessBase"]
[SourceDate "2023.10.10"]
[SourceVersion "1"]
[SourceVersionDate "2023.10.10"]
[SourceQuality "1"]

1. e4 e5 2. Nf3 Nc6 3. Bc4 Nf6 4. Ng5 d5 5. exd5 Na5 6. Bb5+ c6 7. dxc6 bxc6 8. Be2 h6 9. Nf3 e4 10. Ng1 Bd6 11. d3 Bf5 12. Nc3 0-0 13. dxe4 Nxe4 14. Nxe4 Bxe4 15. Nf3 Qc7 16. 0-0 Bxf3 17. Bxf3 Bxh2+ 18. Kh1 Be5 19. c3 Nc4 20. Qa4 Nd6 21. Qxc6 Qe7 22. g3 Rac8 23. Qd5 Rfd8 24. Kg2 Nf5 25. Qe4 Nd6 26. Qe2 Qf6 27. Be3 Re8 28. Rad1 Nc4 29. Rd3 Qg6 30. b3 Nxe3+ 31. Rxe3 f6 32. c4 Red8 33. Bd5+ Kh8 34. Qf3 Bd4 35. Rd3 Bc5 36. Rfd1 Re8 37. R3d2 Re5 38. Re2 Rce8 39. Rxe5 fxe5 40. Be4 Qb6 41. Qe2 Rf8 42. f3 Bd4 43. Bc2 g6 44. Qe4 Kg7 45. Rd2 Qf6 46. a3 Qg5 47. Re2 h5 48. b4 Rf4 49. Qb7+ Rf7 50. Qc6 h4 51. g4 Rf6 52. Qe4 Rf4 53. Qd3 Rf7 54. c5 Rf6 55. b5 Qf4 56. Kh1 Qg3 57. Rg2 Qh3+ 58. Rh2 Qg3 59. Rg2 Qe1+ 60. Kh2 h3 61. Kxh3 Qh1+ 62. Rh2 Rxf3+ 0-1

[Event "Titled Tuesday intern op 18th Jul Early"]
[Site "Chess.com INT"]
[Date "2023.07.18"]
[Round "11"]
[White "Gardezi, Arsal"]
[Black "Winkels, Marcel"]
[Result "1-0"]
[WhiteElo "2099"]
[BlackElo "1920"]
[PlyCount "67"]
[EventDate "2023.07.18"]
[EventType "swiss (blitz)"]
[EventRounds "11"]
[EventCountry "USA"]
[SourceTitle "EXT 2024"]
[Source "ChessBase"]
[SourceDate "2023.10.10"]
[SourceVersion "1"]
[SourceVersionDate "2023.10.10"]
[SourceQuality "1"]

1. d4 Nf6 2. c4 g6 3. Nc3 d5 4. e3 Bg7 5. Nf3 0-0 6. Bd3 b6 7. 0-0 Bb7 8. cxd5 Nxd5 9. e4 Nxc3 10. bxc3 c5 11. Bb2 Nc6 12. d5 Ne5 13. Nxe5 Bxe5 14. Qe2 e6 15. c4 Bxb2 16. Qxb2 exd5 17. exd5 Re8 18. Rfe1 Qg5 19. h3 h5 20. Be4 Rad8 21. Bf3 h4 22. a4 Ba6 23. Qc3 Qf4 24. Be2 Re4 25. Bf1 Rde8 26. Rxe4 Qxe4 27. a5 Bc8 28. axb6 axb6 29. Ra7 Qe5 30. Qf3 Re7 31. Ra8 Re8 32. Qb3 Qg5 33. Qxb6 Bxh3 34. Rxe8+ 1-0

[Event "Titled Tuesday intern op 04th Jul Late"]
[Site "Chess.com INT"]
[Date "2023.07.04"]
[Round "5"]
[White "Avila Rodriguez, Joshua Ad"]
[Black "Gardezi, Arsal"]
[Result "0-1"]
[WhiteElo "2239"]
[BlackElo "2099"]
[PlyCount "66"]
[EventDate "2023.07.04"]
[EventType "swiss (blitz)"]
[EventRounds "11"]
[EventCountry "USA"]
[SourceTitle "EXT 2024"]
[Source "ChessBase"]
[SourceDate "2023.10.10"]
[SourceVersion "1"]
[SourceVersionDate "2023.10.10"]
[SourceQuality "1"]

1. c4 Nf6 2. Nf3 c6 3. g3 d5 4. Bg2 g6 5. 0-0 Bg7 6. d4 0-0 7. b3 Ne4 8. Bb2 Nd7 9. Nc3 Ndf6 10. Ne5 Bf5 11. f3 Nxc3 12. Bxc3 Nd7 13. e4 Be6 14. cxd5 cxd5 15. f4 dxe4 16. Bxe4 Nf6 17. Bxb7 Rb8 18. Bg2 Rc8 19. Bb2 Bd5 20. Rc1 Bxg2 21. Kxg2 Nd5 22. Qf3 e6 23. Ba3 Qa5 24. Bxf8 Rxc1 25. Bxg7 Rxf1 26. Kxf1 Kxg7 27. Qe2 Qc3 28. Kf2 Qxd4+ 29. Kg2 Ne3+ 30. Kh3 Qe4 31. Qb5 Qg2+ 32. Kh4 Qxh2+ 33. Kg5 Qh6# 0-1

[Event "Titled Tuesday intern op 20th Jun Late"]
[Site "Chess.com INT"]
[Date "2023.06.20"]
[Round "7"]
[White "Gardezi, Arsal"]
[Black "Fernandez, Maria Florencia"]
[Result "1-0"]
[WhiteElo "2093"]
[BlackElo "2085"]
[PlyCount "63"]
[EventDate "2023.06.20"]
[EventType "swiss (blitz)"]
[EventRounds "11"]
[EventCountry "USA"]
[SourceTitle "EXT 2024"]
[Source "ChessBase"]
[SourceDate "2023.10.10"]
[SourceVersion "1"]
[SourceVersionDate "2023.10.10"]
[SourceQuality "1"]

1. Nf3 Nf6 2. d4 g6 3. c4 Bg7 4. Nc3 0-0 5. e4 d6 6. h3 Nc6 7. Be3 e5 8. d5 Ne7 9. g4 c6 10. Qd2 cxd5 11. cxd5 Bd7 12. Bd3 Ne8 13. Rg1 a6 14. a4 b5 15. axb5 axb5 16. Ke2 b4 17. Nb5 Rxa1 18. Rxa1 Qb8 19. Qxb4 Nc7 20. Ra5 Nc8 21. Bd2 Nxb5 22. Bxb5 Bxb5+ 23. Rxb5 Qa7 24. Rb7 Qa6+ 25. Qb5 Qa2 26. Rb8 Qb1 27. Qd3 Qh1 28. Qc4 Ne7 29. Qc7 Rxb8 30. Qxb8+ Bf8 31. Bh6 Nc8 32. Qxc8 1-0

[Event "Titled Tuesday intern op 20th Jun Early"]
[Site "Chess.com INT"]
[Date "2023.06.20"]
[Round "11"]
[White "Gardezi, Arsal"]
[Black "Vega Gutierrez, Sabrina Neide"]
[Result "0-1"]
[WhiteElo "2093"]
[BlackElo "2377"]
[PlyCount "60"]
[EventDate "2023.06.20"]
[EventType "swiss (blitz)"]
[EventRounds "11"]
[EventCountry "USA"]
[SourceTitle "EXT 2024"]
[Source "ChessBase"]
[SourceDate "2023.10.10"]
[SourceVersion "1"]
[SourceVersionDate "2023.10.10"]
[SourceQuality "1"]

1. e4 c5 2. Nf3 Nc6 3. d4 cxd4 4. Nxd4 Nf6 5. Nc3 e5 6. Ndb5 d6 7. Bg5 a6 8. Na3 b5 9. Bxf6 gxf6 10. Nd5 Bg7 11. Bd3 Ne7 12. c4 Nxd5 13. cxd5 f5 14. 0-0 0-0 15. Qh5 fxe4 16. Bxe4 f5 17. Bd3 e4 18. Be2 Bxb2 19. Nc2 Bxa1 20. Rxa1 Qf6 21. a4 Bd7 22. Ra3 Rac8 23. Rg3+ Kh8 24. Rh3 Qf7 25. Nd4 Qxh5 26. Rxh5 Rc1+ 27. Bf1 bxa4 28. g3 Bb5 29. Nxb5 axb5 30. Kg2 a3 0-1

[Event "Titled Tuesday intern op 20th Jun Late"]
[Site "Chess.com INT"]
[Date "2023.06.20"]
[Round "10"]
[White "Herrera, Juan Sebastian"]
[Black "Gardezi, Arsal"]
[Result "1-0"]
[WhiteElo "2277"]
[BlackElo "2093"]
[PlyCount "65"]
[EventDate "2023.06.20"]
[EventType "swiss (blitz)"]
[EventRounds "11"]
[EventCountry "USA"]
[SourceTitle "EXT 2024"]
[Source "ChessBase"]
[SourceDate "2023.10.10"]
[SourceVersion "1"]
[SourceVersionDate "2023.10.10"]
[SourceQuality "1"]

1. Nf3 d5 2. g3 c5 3. Bg2 Nc6 4. d4 cxd4 5. Nxd4 e5 6. Nxc6 bxc6 7. c4 Nf6 8. 0-0 Be7 9. Nc3 Be6 10. Bg5 e4 11. cxd5 cxd5 12. Qa4+ Kf8 13. Rad1 h6 14. Bxf6 Bxf6 15. Nxe4 Be5 16. Nc5 Qe7 17. Bxd5 Qxc5 18. Bxa8 Ke7 19. Bg2 Rb8 20. Rc1 Qb6 21. Rc6 Qxb2 22. Qxa7+ Rb7 23. Qc5+ Kf6 24. Rxe6+ fxe6 25. Bxb7 Qxb7 26. Qe3 Qb2 27. a4 Bd4 28. Qf3+ Ke7 29. e3 Be5 30. Qe4 Bf6 31. a5 Qb5 32. Qa8 Bc3 33. a6 1-0

[Event "Titled Tuesday intern op 20th Jun Late"]
[Site "Chess.com INT"]
[Date "2023.06.20"]
[Round "8"]
[White "Ionescu, Mihai"]
[Black "Gardezi, Arsal"]
[Result "1-0"]
[WhiteElo "2243"]
[BlackElo "2093"]
[PlyCount "121"]
[EventDate "2023.06.20"]
[EventType "swiss (blitz)"]
[EventRounds "11"]
[EventCountry "USA"]
[SourceTitle "EXT 2024"]
[Source "ChessBase"]
[SourceDate "2023.10.10"]
[SourceVersion "1"]
[SourceVersionDate "2023.10.10"]
[SourceQuality "1"]

1. Nf3 Nf6 2. d4 d5 3. c4 c6 4. e3 e6 5. Bd3 c5 6. 0-0 Nc6 7. Nc3 Be7 8. cxd5 exd5 9. dxc5 Bxc5 10. b3 0-0 11. Bb2 Bg4 12. Be2 Bxf3 13. Bxf3 d4 14. exd4 Nxd4 15. Bxb7 Rb8 16. Bf3 Qa5 17. Na4 Rfd8 18. Nxc5 Qxc5 19. Rc1 Qe5 20. Bxd4 Rxd4 21. Qe2 Qxe2 22. Bxe2 Rd2 23. Bc4 Rxa2 24. Ra1 Rxa1 25. Rxa1 Rb7 26. f3 g6 27. Kf2 Kg7 28. Ra6 Nd7 29. Bd5 Rc7 30. Rc6 Rxc6 31. Bxc6 Nc5 32. Bd5 Kf6 33. Ke3 Ke7 34. Kd4 Nd7 35. f4 f6 36. h4 h6 37. Bc6 Nb6 38. Kc5 g5 39. g3 Nc8 40. Be4 Nd6 41. Bd3 Kd7 42. Kd5 Ke7 43. b4 g4 44. f5 h5 45. Kc6 Nf7 46. Kb7 Ne5 47. Be2 Nf3 48. Kxa7 Nd4 49. Bxg4 hxg4 50. Ka6 Kd6 51. b5 Kc7 52. h5 Nxf5 53. h6 Nxh6 54. Ka7 f5 55. b6+ Kc6 56. b7 f4 57. b8Q f3 58. Qb2 Kd5 59. Qd2+ Ke4 60. Qxh6 f2 61. Qf4+ 1-0

[Event "Titled Tuesday intern op 20th Jun Early"]
[Site "Chess.com INT"]
[Date "2023.06.20"]
[Round "10"]
[White "Ramirez, Vido Robert"]
[Black "Gardezi, Arsal"]
[Result "0-1"]
[WhiteElo "2015"]
[BlackElo "2093"]
[PlyCount "62"]
[EventDate "2023.06.20"]
[EventType "swiss (blitz)"]
[EventRounds "11"]
[EventCountry "USA"]
[SourceTitle "EXT 2024"]
[Source "ChessBase"]
[SourceDate "2023.10.10"]
[SourceVersion "1"]
[SourceVersionDate "2023.10.10"]
[SourceQuality "1"]

1. Nf3 Nf6 2. g3 g6 3. Bg2 Bg7 4. 0-0 0-0 5. d4 d6 6. c4 Nbd7 7. Nc3 e5 8. dxe5 dxe5 9. Bg5 c6 10. Qd6 Qb6 11. Na4 Qa6 12. b3 e4 13. Nd2 Ne8 14. Qf4 f6 15. Bh6 g5 16. Bxg5 fxg5 17. Qxg5 b5 18. cxb5 Qxb5 19. Qh4 Nef6 20. Nxe4 Nxe4 21. Bxe4 Nf6 22. Bd3 Qh5 23. Qc4+ Kh8 24. Qxc6 Rb8 25. Rac1 Bb7 26. Qc7 Nd5 27. Qd6 Qh3 28. f3 Ne3 29. Rf2 Rbd8 30. Qe7 Rde8 31. Qxb7 Bd4 0-1

[Event "Titled Tuesday intern op 30th May Late"]
[Site "Chess.com INT"]
[Date "2023.05.30"]
[Round "6"]
[White "Gardezi, Arsal"]
[Black "Urbina Perez, Juan Antonio"]
[Result "0-1"]
[WhiteElo "2093"]
[BlackElo "2266"]
[PlyCount "56"]
[EventDate "2023.05.30"]
[EventType "swiss (blitz)"]
[EventRounds "11"]
[EventCountry "USA"]
[SourceTitle "CBM 214 Extra"]
[Source "ChessBase"]
[SourceDate "2023.07.31"]
[SourceVersion "1"]
[SourceVersionDate "2023.07.31"]
[SourceQuality "1"]

1. Nf3 d5 2. d4 Nf6 3. c3 e6 4. Bf4 Bd6 5. Bxd6 Qxd6 6. Nbd2 b6 7. e3 0-0 8. Bd3 Ba6 9. Qe2 Bxd3 10. Qxd3 c5 11. 0-0 Nc6 12. e4 cxd4 13. cxd4 dxe4 14. Nxe4 Nxe4 15. Qxe4 h6 16. Rac1 Rac8 17. a3 Ne7 18. Rfd1 Nd5 19. h3 Rfd8 20. Ne5 Rxc1 21. Rxc1 Nf6 22. Qb7 Rf8 23. Qxa7 Qxd4 24. Nc4 Nd5 25. Nd6 Nf4 26. Rc6 Qd1+ 27. Kh2 Ne2 28. h4 h5 0-1

[Event "Titled Tuesday intern op 11th Apr Early"]
[Site "Chess.com INT"]
[Date "2023.04.11"]
[Round "7"]
[White "Gardezi, Arsal"]
[Black "Munro, Allan"]
[Result "0-1"]
[WhiteElo "2093"]
[BlackElo "1941"]
[PlyCount "34"]
[EventDate "2023.04.11"]
[EventType "swiss (blitz)"]
[EventRounds "11"]
[EventCountry "USA"]
[SourceTitle "CBM 213 Extra"]
[Source "ChessBase"]
[SourceDate "2023.05.31"]
[SourceVersion "1"]
[SourceVersionDate "2023.05.31"]
[SourceQuality "1"]

1. Nf3 d5 2. d4 Nf6 3. c3 c5 4. Bf4 Nc6 5. Nbd2 Bf5 6. e3 e6 7. Bb5 Nd7 8. 0-0 Be7 9. a4 0-0 10. Re1 a6 11. Bxc6 bxc6 12. e4 Bg6 13. Qb3 Qc8 14. c4 dxe4 15. Nxe4 cxd4 16. Nd6 Qc7 17. Qa3 c5 0-1

[Event "Titled Tuesday intern op 21st Feb Early"]
[Site "Chess.com INT"]
[Date "2023.02.21"]
[Round "6"]
[White "Gardezi, Arsal"]
[Black "Crocker, Philip J"]
[Result "1-0"]
[WhiteElo "2081"]
[BlackElo "2128"]
[PlyCount "73"]
[EventDate "2023.02.21"]
[EventType "swiss (blitz)"]
[EventRounds "11"]
[EventCountry "USA"]
[SourceTitle "CBM 212 Extra"]
[Source "ChessBase"]
[SourceDate "2023.03.31"]
[SourceVersion "1"]
[SourceVersionDate "2023.03.31"]
[SourceQuality "1"]

1. Nf3 d5 2. g3 Nf6 3. Bg2 Bf5 4. d4 e6 5. c3 c6 6. Bf4 Nbd7 7. Nbd2 Be7 8. 0-0 h6 9. Re1 0-0 10. h4 Bh7 11. Ne5 Nxe5 12. Bxe5 Nd7 13. Bf4 g5 14. hxg5 hxg5 15. Be3 f5 16. Nf3 f4 17. Bd2 g4 18. Nh2 fxg3 19. fxg3 Bd6 20. e4 Kh8 21. e5 Be7 22. Nxg4 Rg8 23. Nh6 Qe8 24. Nxg8 Qxg8 25. Bf4 Bf5 26. Kf2 Qg6 27. Rh1+ Kg7 28. Qh5 Rg8 29. Qxg6+ Bxg6 30. Bh3 Nf8 31. Kg2 Bf7 32. Raf1 Nh7 33. Bh6+ Kg6 34. Bg4 Ng5 35. Bxg5 Bxg5 36. Bh5+ Kg7 37. Rxf7+ 1-0

[Event "Titled Tuesday intern op 21st Feb Early"]
[Site "Chess.com INT"]
[Date "2023.02.21"]
[Round "5"]
[White "Gardezi, Arsal"]
[Black "Mitrovic, Darko R"]
[Result "1-0"]
[WhiteElo "2081"]
[BlackElo "2220"]
[PlyCount "41"]
[EventDate "2023.02.21"]
[EventType "swiss (blitz)"]
[EventRounds "11"]
[EventCountry "USA"]
[SourceTitle "CBM 212 Extra"]
[Source "ChessBase"]
[SourceDate "2023.03.31"]
[SourceVersion "1"]
[SourceVersionDate "2023.03.31"]
[SourceQuality "1"]

1. Nf3 c5 2. c4 Nc6 3. Nc3 e5 4. e3 f5 5. d4 cxd4 6. exd4 e4 7. Ne5 Nf6 8. Be2 Bb4 9. 0-0 Bxc3 10. bxc3 0-0 11. c5 Nxe5 12. dxe5 Ne8 13. Qd5+ Kh8 14. Rd1 Qe7 15. Ba3 Nc7 16. Qb3 Qe8 17. c6 dxc6 18. Bxf8 Qxf8 19. Rd6 Qe8 20. Rad1 Ne6 21. Bc4 1-0

[Event "Titled Tuesday intern op 07th Feb Late"]
[Site "Chess.com INT"]
[Date "2023.02.07"]
[Round "2"]
[White "Schekachikhin, Maksim"]
[Black "Gardezi, Arsal"]
[Result "1-0"]
[WhiteElo "2367"]
[BlackElo "2081"]
[PlyCount "77"]
[EventDate "2023.02.07"]
[EventType "swiss (blitz)"]
[EventRounds "11"]
[EventCountry "USA"]
[SourceTitle "EXT 2024"]
[Source "ChessBase"]
[SourceDate "2023.10.10"]
[SourceVersion "1"]
[SourceVersionDate "2023.10.10"]
[SourceQuality "1"]

1. b3 d5 2. Bb2 c5 3. Nf3 Nc6 4. e3 f6 5. Bb5 e5 6. 0-0 Be6 7. d4 e4 8. Nfd2 f5 9. c4 Nf6 10. Nc3 a6 11. cxd5 Bxd5 12. Nxd5 Qxd5 13. Bc4 Qd7 14. d5 Nxd5 15. Nxe4 0-0-0 16. Ng5 h6 17. Qxd5 Qxd5 18. Bxd5 Rxd5 19. Ne6 Rd7 20. Rad1 Bd6 21. Nxg7 Rg8 22. Nxf5 Be5 23. Bxe5 Nxe5 24. Rxd7 Kxd7 25. Rd1+ Ke6 26. e4 h5 27. Kf1 Nf7 28. f3 Rc8 29. Ne3 Nd6 30. Nd5 Nb5 31. Nf4+ Ke5 32. Nxh5 Nc3 33. Rd2 Rh8 34. g4 b5 35. Ng3 Rf8 36. Nf5 Rh8 37. h4 c4 38. bxc4 bxc4 39. Rc2 1-0

[Event "Titled Tuesday intern op 31st Jan Late"]
[Site "Chess.com INT"]
[Date "2023.01.31"]
[Round "5"]
[White "Aguilar, Juan"]
[Black "Gardezi, Arsal"]
[Result "1-0"]
[WhiteElo "2254"]
[BlackElo "2063"]
[PlyCount "69"]
[EventDate "2023.01.31"]
[EventType "swiss (blitz)"]
[EventRounds "11"]
[EventCountry "USA"]
[SourceTitle "CBM 212 Extra"]
[Source "ChessBase"]
[SourceDate "2023.03.31"]
[SourceVersion "1"]
[SourceVersionDate "2023.03.31"]
[SourceQuality "1"]

1. Nf3 g6 2. g3 Bg7 3. Bg2 Nf6 4. 0-0 0-0 5. d3 d6 6. e4 Nbd7 7. Re1 e5 8. c3 c6 9. d4 exd4 10. cxd4 Re8 11. Nc3 b5 12. a3 Bb7 13. Bf4 Nb6 14. e5 Nfd5 15. Bg5 Qd7 16. Ne4 dxe5 17. dxe5 Nc4 18. Nc5 Qc7 19. Nxb7 Qxb7 20. Rc1 Nxe5 21. Nxe5 Rxe5 22. Rxe5 Bxe5 23. Qc2 Re8 24. h4 b4 25. axb4 Nxb4 26. Qc4 Bg7 27. h5 h6 28. hxg6 hxg5 29. gxf7+ Qxf7 30. Qxb4 Qf6 31. Qc4+ Kh8 32. b3 Re6 33. Bxc6 Rd6 34. Kg2 Rd1 35. Rxd1 1-0

[Event "Titled Tuesday intern op 31st Jan Late"]
[Site "Chess.com INT"]
[Date "2023.01.31"]
[Round "1"]
[White "Gardezi, Arsal"]
[Black "Carnicelli, Valerio"]
[Result "0-1"]
[WhiteElo "2063"]
[BlackElo "2351"]
[PlyCount "104"]
[EventDate "2023.01.31"]
[EventType "swiss (blitz)"]
[EventRounds "11"]
[EventCountry "USA"]
[SourceTitle "CBM 212 Extra"]
[Source "ChessBase"]
[SourceDate "2023.03.31"]
[SourceVersion "1"]
[SourceVersionDate "2023.03.31"]
[SourceQuality "1"]

1. Nf3 Nf6 2. d4 e6 3. c4 c5 4. Nc3 cxd4 5. Nxd4 Nc6 6. e4 Bb4 7. Nxc6 bxc6 8. Bd3 e5 9. 0-0 0-0 10. a3 Bxc3 11. bxc3 d6 12. Be3 c5 13. Bc2 Rb8 14. f3 Be6 15. Qd3 Qc7 16. Rfd1 Rb6 17. Rab1 Rfb8 18. Rxb6 Rxb6 19. f4 Ng4 20. Bc1 h6 21. h3 Nf6 22. f5 Bc8 23. Qg3 Kf8 24. Qh4 Qe7 25. g4 Nh7 26. Qg3 Bb7 27. Kh2 Nf6 28. Re1 Ba6 29. Bd3 Rb3 30. Bf1 Qb7 31. Qd3 Qc6 32. g5 hxg5 33. Bxg5 Rb2+ 34. Bg2 Ke7 35. Rd1 Bb7 36. Rd2 Rxd2 37. Qxd2 Ba6 38. Bh4 Bxc4 39. Qg5 Kf8 40. Qe3 Qa4 41. Qd2 Qa6 42. Bf3 Bd3 43. Qg5 Qxa3 44. Qe3 Qxc3 45. Be2 c4 46. Bf2 Qc2 47. Bf3 Kg8 48. Qxa7 Bxe4 49. Bg4 Bxf5 50. Qb8+ Kh7 51. Qxd6 Qxf2+ 52. Kh1 Be4+ 0-1

[Event "Titled Tuesday intern op 31st Jan Late"]
[Site "Chess.com INT"]
[Date "2023.01.31"]
[Round "4"]
[White "Gardezi, Arsal"]
[Black "Ekdyshman, Mikhail"]
[Result "0-1"]
[WhiteElo "2063"]
[BlackElo "2264"]
[PlyCount "24"]
[EventDate "2023.01.31"]
[EventType "swiss (blitz)"]
[EventRounds "11"]
[EventCountry "USA"]
[SourceTitle "CBM 212 Extra"]
[Source "ChessBase"]
[SourceDate "2023.03.31"]
[SourceVersion "1"]
[SourceVersionDate "2023.03.31"]
[SourceQuality "1"]

1. Nf3 c5 2. c3 d5 3. d4 Nf6 4. Bf4 g6 5. Nbd2 Bg7 6. e3 0-0 7. Bd3 b6 8. 0-0 Bb7 9. Re1 Ne4 10. Bxe4 dxe4 11. Ng5 e5 12. Bxe5 Qxg5 0-1

[Event "Titled Tuesday intern op 17th Jan Late"]
[Site "Chess.com INT"]
[Date "2023.01.17"]
[Round "5"]
[White "Danielyan, Vahe"]
[Black "Gardezi, Arsal"]
[Result "1-0"]
[WhiteElo "2307"]
[BlackElo "2063"]
[PlyCount "131"]
[EventDate "2023.01.17"]
[EventType "swiss (blitz)"]
[EventRounds "11"]
[EventCountry "USA"]
[SourceTitle "CBM 212 Extra"]
[Source "ChessBase"]
[SourceDate "2023.03.31"]
[SourceVersion "1"]
[SourceVersionDate "2023.03.31"]
[SourceQuality "1"]

1. e4 e5 2. Nc3 d6 3. Nf3 Nf6 4. d4 Be7 5. dxe5 dxe5 6. Qxd8+ Bxd8 7. Nxe5 Be6 8. f3 Nbd7 9. Nxd7 Nxd7 10. Be3 c6 11. 0-0-0 Bb6 12. Bxb6 Nxb6 13. Rd2 Ke7 14. Be2 Rad8 15. Rhd1 Rxd2 16. Rxd2 Nc8 17. b3 h5 18. h4 Rh6 19. a4 Rg6 20. Bf1 Nd6 21. Ne2 Rf6 22. Nd4 Nxe4 23. Rd1 Ng3 24. Bd3 Rf4 25. Nxe6 fxe6 26. Re1 Nf5 27. Bxf5 Rxf5 28. Re4 g5 29. Kd2 gxh4 30. Rxh4 Rg5 31. Rh2 Kf6 32. Ke3 Rc5 33. c4 a5 34. g3 b5 35. axb5 cxb5 36. Kd4 Rf5 37. f4 bxc4 38. bxc4 e5+ 39. fxe5+ Rxe5 40. Rf2+ Ke6 41. Rf8 Rg5 42. Re8+ Kd7 43. Re3 Kc6 44. Rf3 Kd6 45. Rf6+ Ke7 46. Rf3 Kd6 47. Re3 Rg4+ 48. Kd3 Kc5 49. Re5+ Kb4 50. Rb5+ Ka4 51. Rb8 Rxg3+ 52. Kd4 Rg4+ 53. Kd5 h4 54. c5 h3 55. c6 Rg2 56. c7 Rc2 57. c8Q Rxc8 58. Rxc8 Kb3 59. Rb8+ Ka2 60. Kc4 a4 61. Kc3 a3 62. Rh8 Kb1 63. Rxh3 Ka2 64. Rh2+ Ka1 65. Kb3 a2 66. Rh1# 1-0